000 01272nam a2200373 i 4500
003 EG-GICUC
005 20260416112144.0
008 260416s1909 enk||||fr|||| 001 0 eng d
040 _aEG-GiCUC
_beng
_cEG-GiCUC
_dEG-GiCUC
_eRda
041 _aeng
082 0 4 _221
_a343.6
_bRU . T
092 0 4 _221
099 _aLaw1 10 343.6 RU . T 7 ed - 1909
100 1 _aRussell, William Oldnall
_eAuthor.
245 1 0 _aA treatise on crimes and misdemeanors /
_cBy sir William Oldnall Russell and William Feilden Craies and Leonard William Kershaw.
250 _aSeven edition
264 1 _aLondon :
_bStevens and Sons;
_bSweet and maxwell,
_c1909.
300 _a2V 2351 pages ;
_c24 cm.
_billustrations,
336 _2rda contenu
_a texte
337 _2rda medias
_aOrdinateur
338 _2 transporteur rda
_a Ressource en ligne
504 _aBibliography: pages 200-250.
546 _aText in English
650 1 _aCriminal law
_2qrmak
650 1 _aCriminology
_2qrmak
650 1 _acrimes
_2qrmak
650 1 _amisdemeanors
_2qrmak
651 1 _2qrmak
700 1 _aCraies, William Feilden
_eAuthor.
700 1 _aKershaw, Leonard William
_eAuthor.
856 4 0 _uhttps://fll.law.cu.edu.eg/fulltext/bks/B10-09094.pdf
905 _a43
942 _2ddc
_n0
_cBK
_e21
999 _c71377
_d71377